000 01040nam2a22002291 4500
001 rc\4746666
005 20130417093350.9
035 _a(NLR Aleph) 008998184
090 _a9290004
_c9290004
100 _a20130417d1957 |||y0rusy50 ca
101 0 _arus
102 _aRU
105 _ay z |||a|
200 1 _aОбгоняя время
_eРассказ о перспективном плане развития виноградарства в колхозе им. Молотова, Красногвардейского района
210 _aСимферополь]
_cКрымиздат
_d1957
461 0 _1001rc\4746664
_12001#$aБиблиотечка крымского виноградаря$e[Вып. 1-19$v[Вып. 2]
_99289994
_cСимферополь]
_d1957
_nКрымиздат
_o[Вып. 1-19
_p19 т.
_tБиблиотечка крымского виноградаря
_v[Вып. 2]
700 1 _aЛукач
_bВ. Б.
801 0 _aRU
_bNLR
_gpsbo
801 1 _aRU
_bELAR
_2rusmarc
852 _aNLR
_j57-2/918
942 _cBOOK
980 _aNB